Každý učiteľ sa musí rozhodnúť sám

Bibliographic Details
Main Author: Novotný, Ivan, 1934-2019 (Author)
Format: Article
Language:Slovak

MARC

LEADER 00000nab a2200000uu 4500
001 vtls010880500
003 SK-MaSNL
005 20260303145144.0
008 230222|1998 xo |||||||||||||||||slo|
015 |a SNBRB 
035 |a (urnnbn)urn:nbn:sk:snk:ar-005z93 
035 |a (uuid)1bf64f3e-dd51-4233-91e6-b2bb5cf5ff6a 
035 |a urn:nbn:sk:snk-ab7p2x 
040 |a SNKBUCL  |b slo  |c SNKBUCL  |e AACR2 
041 0 |a slo 
044 |a xo  |c SK 
100 1 |a Novotný, Ivan,  |d 1934-2019  |4 aut  |9 186510 
245 1 0 |a Každý učiteľ sa musí rozhodnúť sám  |c Ivan Novotný 
773 0 |t Pedagogická revue : časopis pre pedagogickú teóriu a prax  |g Roč. 50, č. mimoriadne číslo (1998), s. 38-42 
954 |a odborná, vedecká literatúra pôvodná (slovenská)  |2 lita 
958 |a OND 
958 |a EUIPO 
958 |a article8 
999 |c 2000960  |d 2002890